skbl

Dr Suryya Kumar Bhuyan Library Web-OPAC
ডঃ সূৰ্য্য
কুমাৰ ভূঞা পুথিভঁৰাল ৱেব-অ'পেক

All Research Scholars are advised to clear the annual library fees to continue using Library Resources, Remote Access, Plagiarism Test and Library Clearance.

Cotton University Book Fair 2026

Fertility Among the Immigrant Muslims of Assm (Record no. 67564)

MARC details
000 -LEADER
fixed length control field 00413nam a22001577a 4500
003 - CONTROL NUMBER IDENTIFIER
control field OSt
005 - DATE AND TIME OF LATEST TRANSACTION
control field 20250714141902.0
008 - FIXED-LENGTH DATA ELEMENTS--GENERAL INFORMATION
fixed length control field 250714b |||||||| |||| 00| 0 eng d
020 ## - INTERNATIONAL STANDARD BOOK NUMBER
International Standard Book Number 978-93-88510-96-7
040 ## - CATALOGING SOURCE
Transcribing agency SKBL
100 ## - MAIN ENTRY--PERSONAL NAME
Personal name Baruah,Bhagyashree
245 ## - TITLE STATEMENT
Title Fertility Among the Immigrant Muslims of Assm
250 ## - EDITION STATEMENT
Edition statement 1st
260 ## - PUBLICATION, DISTRIBUTION, ETC.
Place of publication, distribution, etc. Panbazar Guwahati
Name of publisher, distributor, etc. EBH Publishers
Date of publication, distribution, etc. 2019
942 ## - ADDED ENTRY ELEMENTS (KOHA)
Source of classification or shelving scheme Dewey Decimal Classification
Koha item type Books
Edition 1st
Suppress in OPAC No
Holdings
Withdrawn status Lost status Source of classification or shelving scheme Damaged status Not for loan Home library Current library Date acquired Cost, normal purchase price Total checkouts Barcode Date last seen Price effective from Koha item type
    Dewey Decimal Classification     Dr. Suryya Kumar Bhuyan Library Dr. Suryya Kumar Bhuyan Library 14/07/2025 595.00   7129/gift 14/07/2025 14/07/2025 Books

Designed and Maintained by Team SKBL
©1901-2026

Powered by Koha